02161nam a2200265 a 4500001001000000003000900010005001700019008004100036020001800077040002500095082002600120100004600146245008700192246004900279260004700328300002000375500002100395500007000416504007300486505116400559600007101723650002401794650004801818700002901866000038599DO-SdBNP20250307073710.0091204s2013 dr 000 0 spa d a9789945492156 aDO-SdBNPbspacBNPHU aRD868.42bH519o, 20131 aHenríquez Ureña, Pedro,d1884-1946 10aObras completas /cPedro Henríquez Ureña ; compilador y editor Miguel D. Mena.13aObras completas de Pedro Henríquez Ureña aSanto Domingo :bEditora Nacional,c2013-. a33 v. ;c22 cm. aIncluye índice aIncluye datos biográficos del autor en la solapa de la cubierta aIncluye referencias bibliográficas y notas la pie de las páginas0 gv.1tTeatro, poesía, narrativagv.2tI. 1899-1910; Ensayos críticos. Horas de estudio.gv.3tII. 1899-1910; Memorias. Crónicas.gv.4tI. 1911-1920; La poesía castellana de versos fluctuantesgv.5tII. 1911-1920; Crónicas periodísticasgv. 6tIII. 1911-1920; La Universidad.Tablas cronológicasgv.7tI. 1921-1928; En la orilla: mi España. La utopia de América. Apuntaciones sobre la novela en América. Seis ensayos en busca de nuestra expresióngv.8tII. 1921-1928; El supuesto andalucismo de América. Críticas y estudios; 1921-1928gv.9t1929-1935; Observaciones sovre el español en América. Críticas y estudios.gv.10tI. 1936-194; El Español en Santo Domingo; La cultura y las letras coloniales en Santo Domingogv.11tII. 1936-1942; Plenitud de España. Temas hispanoamericanos.gv.12tIII. 1936-1940; Es español en México, los Estados Unidos y la América Central. Para la historia de los indigenismos. Introducciones y críticas literarias.gv.13tI. 1941-1946; Las corrientes literarias en la América hispánica. Historia de la cultura en la América hispánica.gv.14tII. 1941-1946; Historia y literatura.10aHenríquez Ureña, Pedro,d1884-1946 xCOLECCIONES DE ESCRITOS 0aEnsayos dominicanos 4aLiteratura dominicanaxHistoria y crítica12aMena, Miguel D.epról.